[Event "Aarhusmesterskabet 2020"]
[Site "Aarhus"]
[Date "2020.02.15"]
[Round "4.11"]
[White "Nguyen, Phong Van"]
[Black "Holm, Filip"]
[Result "0-1"]
[WhiteElo "1743"]
[BlackElo "1956"]
[Annotator "TA"]
[PlyCount "70"]
[EventDate "2020.02.14"]
[EventType "swiss"]
[EventCountry "DEN"]
[SourceTitle "playchess.com"]
[Source "ChessBase"]
[SourceQuality "1"]

{[%evp 9,69,42,43,45,48,43,98,99,98,35,60,46,68,59,70,62,75,-2,0,0,0,-1,0,-18,-20,-30,0,-62,-52,-58,-31,-43,-35,-57,-29,-119,-68,-288,-286,-335,-342,-320,-331,-347,-333,-607,-591,-581,-564,-841,-834,-909,-814,-12831,-540,-12831,-12827,-29991,-1060,-29992,-29993,-29999]} 1. e4 g6 2. Nc3 Bg7 3. d4 d6 4. Be3 Nd7 5. Bc4 e5 6. Nf3 {B06: Modern Defence.} Ngf6 7. Qd2 {[#]} Ng4 $146 (7... exd4 $14 8. Nxd4 (8. Qxd4 O-O $11) (8. Bxd4 c6 $14) 8... O-O) ({Predecessor:} 7... Nb6 8. Bb3 exd4 9. Nxd4 Ng4 10. Bg5 f6 11. Be3 Nxe3 12. Qxe3 Qe7 13. O-O c5 14. Nde2 c4 {1-0 (22) Galliano,G-Adams,N Yeovil 2009}) 8. Bg5 $16 {White is better.} f6 {Threatens to win with ...Nb6.} 9. Be3 (9. Bh4 $1 $16) 9... Nxe3 10. Qxe3 Nb6 11. Bb3 Qe7 12. O-O Be6 13. Nd5 ({White should play} 13. Bxe6 $16 Qxe6 14. a4) 13... Nxd5 $11 14. exd5 Bd7 15. dxe5 fxe5 16. Rae1 O-O 17. Nd4 Bf6 18. Ne6 (18. c3 $1 $11) 18... Bxe6 $1 $15 19. dxe6 Bg5 20. Qg3 Rf5 21. Re4 Raf8 22. Rg4 (22. Rb4 $11 {keeps the balance.}) 22... Kg7 (22... c6 $17 23. Rd1 Kg7) 23. h4 $2 (23. Re4 $15) 23... Bf4 $19 24. Qh3 {intending h5.} h5 25. Rxf4 Rxf4 ({Don't take} 25... exf4 26. Qf3 $19) 26. g3 R4f5 27. c3 $2 (27. Bd5) 27... e4 28. Qg2 d5 29. g4 hxg4 30. Qxg4 Qxe6 31. Qg3 Qe5 (31... Rf3 $142 32. Qg2 e3) 32. Qh3 {[#]} e3 $1 33. Bc2 (33. fxe3 Rxf1+) 33... e2 (33... Rxf2 $142 34. Bd3 {[#]} e2 $1 {[%mdl 512]} 35. Rxf2 e1=Q+ 36. Rf1 Q5g3+ $1 {[%mdl 576] Double Attack} 37. Qg2 Rxf1+ 38. Bxf1 Qef2+ 39. Kh1 Qxh4+ 40. Qh3 Qxf1+ {[%mdl 64] Double Attack} 41. Kh2 Qhxh3#) 34. Re1 Rxf2 35. Qg4 Qh2# {Accuracy: White = 34%, Black = 62%.} 0-1

[Event "Aarhusmesterskabet 2020"]
[Site "Aarhus"]
[Date "2020.02.15"]
[Round "4.13"]
[White "Andersen, Claus Nis"]
[Black "Rasmussen, Lars Garne"]
[Result "1/2-1/2"]
[WhiteElo "1697"]
[BlackElo "1991"]
[Annotator "TA"]
[PlyCount "56"]
[EventDate "2020.02.14"]
[EventType "swiss"]
[EventCountry "DEN"]
[SourceTitle "playchess.com"]
[Source "ChessBase"]
[SourceQuality "1"]

{[%evp 10,56,13,9,29,22,23,23,24,0,6,-14,-23,-12,0,0,-12,-15,-23,-23,-6,-31,-14,-18,0,0,0,-13,11,11,11,10,11,10,7,10,20,16,17,3,8,8,8,8,8,8,8,0,0]} 1. d4 Nf6 2. c4 e6 3. Nf3 b6 4. g3 Ba6 5. b3 Bb4+ 6. Bd2 Qe7 {E15: Queen's Indian: 4 g3 sidelines, 4 g3 Ba6 and 4 g3 Bb7 early deviations.} 7. Bg2 d5 8. cxd5 exd5 {White has an edge.} 9. Ne5 {[#]} Ne4 $146 ({Predecessor:} 9... O-O 10. O-O Bxd2 11. Qxd2 Nbd7 12. f4 c5 13. Nc3 Bb7 14. Rfd1 Rfd8 15. e3 Rac8 16. Rac1 h6 17. h3 Rb8 18. Qe2 Rbc8 19. g4 Ne4 20. Nxe4 {½-½ (20) Lambucki,L (1829)-Rychlik,P (2088) Poland 2013}) 10. Bxe4 dxe4 11. Bxb4 Qxb4+ 12. Qd2 Qxd2+ 13. Kxd2 f6 14. Nc4 Nc6 15. Kc3 b5 16. d5 {The position is equal.} b4+ 17. Kc2 Ne7 18. Nbd2 f5 19. d6 cxd6 20. Nxd6+ Kd7 21. N2c4 Bxc4 22. Nxc4 Rac8 23. Rhd1+ Kc7 24. Rd2 Rhd8 25. Rad1 {[#] Hoping for Nd6.} Rxd2+ 26. Rxd2 Rd8 27. Rxd8 Kxd8 28. a3 bxa3 {Accuracy: White = 94%, Black = 100%.} 1/2-1/2

[Event "Aarhusmesterskabet 2020"]
[Site "Aarhus"]
[Date "2020.02.15"]
[Round "5.1"]
[White "Schmidt, Tommy B."]
[Black "Danielsen, Henrik"]
[Result "0-1"]
[WhiteElo "2166"]
[BlackElo "2511"]
[Annotator "ChessBase"]
[PlyCount "142"]
[EventDate "2020.02.14"]
[EventType "swiss"]
[EventCountry "DEN"]
[SourceTitle "playchess.com"]
[Source "ChessBase"]
[SourceQuality "1"]
[TimeControl "40/5400+30:1800+30"]

1. d4 {[%emt 0:04:58]} f5 {[%emt 0:00:12]} 2. Nc3 {[%emt 0:00:08]} Nf6 {[%emt 0:01:36]} 3. Bg5 {[%emt 0:00:05]} d5 {[%emt 0:01:18]} 4. Bxf6 {[%emt 0:00:05]} exf6 {[%emt 0:00:19]} 5. e3 {[%emt 0:00:07]} Be6 {[%emt 0:00:45]} 6. Bd3 {[%emt 0:00:14]} Nc6 {[%emt 0:00:45]} 7. Qf3 {[%emt 0:03:22]} Qd7 {[%emt 0:00:39]} 8. Nge2 {[%emt 0:03:05]} Nb4 {[%emt 0:03:46]} 9. Nf4 {[%emt 0:02:51]} Bf7 {[%emt 0:02:10]} 10. O-O-O {[%emt 0:08:12]} Nxd3+ {[%emt 0:05:53]} 11. cxd3 {[%emt 0:03:17]} O-O-O {[%emt 0:00:29]} 12. h3 {[%emt 0:03:13]} h5 {[%emt 0:00:16]} 13. h4 {[%emt 0:00:44]} g5 {[%emt 0:05:21]} 14. Nfe2 {[%emt 0:05:56]} Bd6 {[%emt 0:03:11]} 15. g3 {[%emt 0:01:05]} c6 {[%emt 0:05:25]} 16. Kb1 {[%emt 0:01:31]} Kb8 {[%emt 0:00:24]} 17. Rc1 {[%emt 0:01:55]} Bg6 {[%emt 0:00:17]} 18. Rcd1 {[%emt 0:00:52]} Rde8 {[%emt 0:01:18]} 19. Rd2 {[%emt 0:02:53]} Rh7 {[%emt 0:02:24]} 20. Rc1 {[%emt 0:02:35]} Qd8 {[%emt 0:04:42]} 21. Ka1 {[%emt 0:01:34]} Rhe7 {[%emt 0:04:14]} 22. Rdd1 {[%emt 0:02:10]} Qa5 {[%emt 0:00:54]} 23. Rd2 {[%emt 0:01:35]} Qa6 {[%emt 0:01:45]} 24. Rcd1 {[%emt 0:00:17]} b6 {[%emt 0:12:13]} 25. Kb1 {[%emt 0:00:44]} b5 {[%emt 0:01:12]} 26. b3 {[%emt 0:06:51]} Qa5 {[%emt 0:02:28]} 27. Rc2 {[%emt 0:02:00]} Ba3 {[%emt 0:02:23]} 28. Ka1 {[%emt 0:01:35]} Re6 {[%emt 0:00:57]} 29. Nb1 {[%emt 0:02:53]} Bf8 {[%emt 0:00:16]} 30. Nbc3 {[%emt 0:00:18]} a6 {[%emt 0:00:20]} 31. Kb1 {[%emt 0:01:12]} Qb6 {[%emt 0:02:45]} 32. Ka1 {[%emt 0:00:47]} Rd8 {[%emt 0:02:16]} 33. Qh1 {[%emt 0:02:03]} Bd6 {[%emt 0:00:33]} 34. Qf3 {[%emt 0:00:08]} Ba3 {[%emt 0:00:29]} 35. Qh1 Rd7 {[%emt 0:00:19]} 36. Qf3 {[%emt 0:01:13]} Ka7 {[%emt 0:00:14]} 37. Qh1 {[%emt 0:01:26]} Rb7 {[%emt 0:00:13]} 38. Qg2 {[%emt 0:01:09]} a5 {[%emt 0:00:26]} 39. Nb1 {[%emt 0:02:52]} Be7 {[%emt 0:00:11]} 40. a3 {[%emt 0:05:17]} b4 {[%emt 0:01:24]} 41. a4 {[%emt 0:30:12]} Qa6 {[%emt 0:30:06]} 42. Nc1 {[%emt 0:02:39]} Rd7 {[%emt 0:00:46]} 43. Ka2 {[%emt 0:00:17]} Bf8 {[%emt 0:00:21]} 44. Rcd2 {[%emt 0:04:44]} Bd6 {[%emt 0:00:26]} 45. Ne2 {[%emt 0:00:10]} Rc7 {[%emt 0:00:34]} 46. Qf3 {[%emt 0:00:16]} Re8 {[%emt 0:00:30]} 47. Kb2 {[%emt 0:00:23]} Rec8 {[%emt 0:00:15]} 48. Qg2 {[%emt 0:00:21]} Qb7 {[%emt 0:01:27]} 49. Rc1 {[%emt 0:01:53]} Re8 {[%emt 0:01:03]} 50. Qf3 {[%emt 0:01:56]} Qc8 {[%emt 0:00:08]} 51. Qg2 {[%emt 0:00:49]} Qd7 {[%emt 0:00:05]} 52. Qf3 {[%emt 0:01:13]} Rec8 {[%emt 0:00:01]} 53. Qg2 {[%emt 0:00:25]} Qh7 {[%emt 0:00:34]} 54. Rcd1 {[%emt 0:00:12]} Bf7 {[%emt 0:01:07]} 55. Qf3 {[%emt 0:01:47]} Qg6 {[%emt 0:00:55]} 56. Rc1 {[%emt 0:00:15]} Be6 {[%emt 0:01:31]} 57. Qh1 {[%emt 0:03:09]} f4 {[%emt 0:00:49]} 58. gxf4 gxf4 {[%emt 0:01:03]} 59. e4 {[%emt 0:02:30]} dxe4 {[%emt 0:01:04]} 60. dxe4 {[%emt 0:00:24]} c5 {[%emt 0:01:22]} 61. d5 {[%emt 0:05:25]} Bd7 {[%emt 0:00:18]} 62. Rdc2 {[%emt 0:00:18]} Be5+ {[%emt 0:02:36]} 63. Ka2 {[%emt 0:00:07]} c4 {[%emt 0:00:30]} 64. Rxc4 {[%emt 0:00:43]} Rxc4 {[%emt 0:00:07]} 65. Rxc4 {[%emt 0:01:16]} Rxc4 {[%emt 0:00:03]} 66. bxc4 {[%emt 0:00:08]} Bxa4 {[%emt 0:02:19]} 67. Nd2 {[%emt 0:00:39]} Bc2 {[%emt 0:00:21]} 68. f3 {[%emt 0:00:59]} Qe8 {[%emt 0:00:09]} 69. Qg1+ {[%emt 0:00:30]} Ka6 {[%emt 0:01:06]} 70. Nd4 {[%emt 0:00:41]} Qa4+ {[%emt 0:00:20]} 71. Kb2 {[%emt 0:00:20]} Bd3 {[%emt 0:00:44]} 0-1

[Event "Aarhusmesterskabet 2020"]
[Site "Aarhus"]
[Date "2020.02.15"]
[Round "5.2"]
[White "Ochsner, Bjorn Moller"]
[Black "Fries-Nielsen, Jens Ove"]
[Result "1-0"]
[WhiteElo "2472"]
[BlackElo "2373"]
[Annotator "ChessBase"]
[PlyCount "65"]
[EventDate "2020.02.14"]
[EventType "swiss"]
[EventCountry "DEN"]
[SourceTitle "playchess.com"]
[Source "ChessBase"]
[SourceQuality "1"]
[TimeControl "40/5400+30:1800+30"]

1. e4 {[%emt 0:00:00]} g6 {[%emt 0:04:15]} 2. d4 {[%emt 0:00:00]} Bg7 {[%emt 0:00:51]} 3. Nc3 {[%emt 0:00:05]} Nc6 {[%emt 0:00:53]} 4. Be3 {[%emt 0:00:51]} d6 {[%emt 0:01:24]} 5. Qd2 {[%emt 0:00:39]} a6 {[%emt 0:00:28]} 6. f4 {[%emt 0:18:12]} b5 {[%emt 0:04:34]} 7. Nf3 {[%emt 0:04:21]} Bd7 {[%emt 0:23:19]} 8. a3 {[%emt 0:05:43]} e6 {[%emt 0:02:13]} 9. h3 {[%emt 0:03:40]} Nf6 {[%emt 0:02:01]} 10. g4 {[%emt 0:06:18]} Ne7 {[%emt 0:04:36]} 11. Bd3 {[%emt 0:16:11]} Bc6 {[%emt 0:02:38]} 12. Rf1 {[%emt 0:01:12]} Qc8 {[%emt 0:04:57]} 13. f5 {[%emt 0:03:15]} exf5 {[%emt 0:02:01]} 14. gxf5 {[%emt 0:01:58]} gxf5 {[%emt 0:05:33]} 15. e5 {[%emt 0:05:24]} Nfd5 {[%emt 0:06:57]} 16. Bg5 {[%emt 0:04:10]} h6 {[%emt 0:09:35]} 17. Bxe7 {[%emt 0:07:00]} Nxe7 {[%emt 0:00:47]} 18. Nh4 {[%emt 0:03:24]} dxe5 {[%emt 0:01:17]} 19. Nxf5 {[%emt 0:03:00]} Nxf5 {[%emt 0:00:50]} 20. Bxf5 {[%emt 0:00:29]} Qd8 {[%emt 0:01:04]} 21. d5 {[%emt 0:04:58]} Qh4+ {[%emt 0:01:07]} 22. Rf2 {[%emt 0:01:09]} Bb7 {[%emt 0:00:24]} 23. Qe2 {[%emt 0:06:59]} b4 {[%emt 0:05:38]} 24. axb4 {[%emt 0:01:18]} Qxb4 {[%emt 0:00:36]} 25. O-O-O {[%emt 0:01:00]} Rd8 {[%emt 0:02:08]} 26. Be4 {[%emt 0:00:58]} Rd6 {[%emt 0:00:38]} 27. Rdf1 {[%emt 0:00:29]} Rf8 {[%emt 0:09:01]} 28. Qh5 {[%emt 0:00:04]} Rd7 {[%emt 0:00:36]} 29. Rg2 {[%emt 0:01:03]} Bh8 {[%emt 0:00:28]} 30. Qxh6 {[%emt 0:00:30]} Rd6 {[%emt 0:01:14]} 31. Qh5 {[%emt 0:00:30]} Bf6 {[%emt 0:00:05]} 32. Rgf2 {[%emt 0:00:28]} Qb6 {[%emt 0:00:33]} 33. Rxf6 {[%emt 0:00:29]} 1-0

[Event "Aarhusmesterskabet 2020"]
[Site "Aarhus"]
[Date "2020.02.15"]
[Round "5.3"]
[White "Dumas, Charles"]
[Black "Hardlei, Johan"]
[Result "1-0"]
[WhiteElo "2289"]
[BlackElo "2128"]
[Annotator "ChessBase"]
[PlyCount "91"]
[EventDate "2020.02.14"]
[EventType "swiss"]
[EventCountry "DEN"]
[SourceTitle "playchess.com"]
[Source "ChessBase"]
[SourceQuality "1"]
[TimeControl "40/5400+30:1800+30"]

1. e4 {[%emt 0:00:00]} c5 {[%emt 0:09:20]} 2. c3 {[%emt 0:00:00]} g6 {[%emt 0:00:04]} 3. d4 {[%emt 0:00:00]} cxd4 {[%emt 0:00:04]} 4. cxd4 {[%emt 0:00:00]} d5 {[%emt 0:00:03]} 5. Nc3 {[%emt 0:00:18]} dxe4 {[%emt 0:02:20]} 6. Bc4 {[%emt 0:00:14]} Nf6 {[%emt 0:06:00]} 7. Qb3 {[%emt 0:01:21]} e6 {[%emt 0:03:04]} 8. d5 {[%emt 0:00:18]} Qb6 {[%emt 0:01:00]} 9. Qxb6 {[%emt 0:14:33]} axb6 {[%emt 0:00:46]} 10. dxe6 {[%emt 0:00:34]} Bxe6 {[%emt 0:00:52]} 11. Bxe6 {[%emt 0:00:13]} fxe6 {[%emt 0:00:02]} 12. Nge2 {[%emt 0:01:10]} Bb4 {[%emt 0:05:02]} 13. O-O {[%emt 0:02:55]} O-O {[%emt 0:03:49]} 14. a3 {[%emt 0:00:49]} Bxc3 {[%emt 0:13:19]} 15. Nxc3 {[%emt 0:00:05]} Nbd7 {[%emt 0:00:57]} 16. Bh6 {[%emt 0:01:35]} Rfc8 {[%emt 0:02:46]} 17. Rad1 {[%emt 0:12:30]} Ra5 {[%emt 0:11:29]} 18. Nxe4 {[%emt 0:06:41]} Rd5 {[%emt 0:04:15]} 19. Nc3 {[%emt 0:01:09]} Rxd1 {[%emt 0:01:45]} 20. Rxd1 {[%emt 0:00:07]} Kf7 {[%emt 0:04:52]} 21. h3 {[%emt 0:00:38]} Rc7 {[%emt 0:13:42]} 22. Bf4 {[%emt 0:02:35]} e5 {[%emt 0:01:49]} 23. Bg5 {[%emt 0:01:25]} Ke6 {[%emt 0:01:03]} 24. Rd3 {[%emt 0:01:48]} Nc5 {[%emt 0:04:51]} 25. Rd8 {[%emt 0:04:57]} Nfe4 {[%emt 0:01:25]} 26. Re8+ {[%emt 0:02:21]} Kf5 {[%emt 0:02:18]} 27. Bd8 {[%emt 0:01:19]} Rf7 {[%emt 0:05:04]} 28. Bxb6 {[%emt 0:08:37]} Nxc3 {[%emt 0:00:22]} 29. Bxc5 {[%emt 0:00:22]} Na4 {[%emt 0:00:24]} 30. Bd6 {[%emt 0:00:47]} Nxb2 {[%emt 0:00:33]} 31. Rxe5+ {[%emt 0:00:24]} Kf6 {[%emt 0:00:10]} 32. Re4 {[%emt 0:01:16]} Rd7 {[%emt 0:01:56]} 33. Bc5 {[%emt 0:05:00]} Nd3 {[%emt 0:00:24]} 34. Bd4+ {[%emt 0:00:24]} Kf7 {[%emt 0:00:22]} 35. Be3 {[%emt 0:00:15]} Nb2 {[%emt 0:00:41]} 36. Kf1 {[%emt 0:01:11]} Nd3 {[%emt 0:00:35]} 37. Ke2 {[%emt 0:00:25]} Nb2 {[%emt 0:00:29]} 38. Rb4 {[%emt 0:01:41]} Nd3 {[%emt 0:00:15]} 39. Rb5 {[%emt 0:01:53]} Ke6 {[%emt 0:00:34]} 40. f4 {[%emt 0:00:41]} Kf6 {[%emt 0:00:42]} 41. Rb3 {[%emt 0:31:42]} Nxf4+ {[%emt 0:30:21]} 42. Bxf4 {[%emt 0:00:06]} Kf5 {[%emt 0:00:14]} 43. Be3 {[%emt 0:00:32]} h5 {[%emt 0:00:22]} 44. Kf3 {[%emt 0:00:37]} Rg7 {[%emt 0:00:41]} 45. Rb5+ {[%emt 0:00:20]} Ke6 {[%emt 0:00:22]} 46. Ke4 {[%emt 0:00:34]} 1-0

[Event "Aarhusmesterskabet 2020"]
[Site "Aarhus"]
[Date "2020.02.15"]
[Round "5.4"]
[White "Hoiberg, Nina"]
[Black "Nielsen, Viktor Haarmark"]
[Result "1/2-1/2"]
[WhiteElo "2168"]
[BlackElo "2300"]
[Annotator "ChessBase"]
[PlyCount "66"]
[EventDate "2020.02.14"]
[EventType "swiss"]
[EventCountry "DEN"]
[SourceTitle "playchess.com"]
[Source "ChessBase"]
[SourceQuality "1"]
[TimeControl "40/5400+30:1800+30"]

1. e4 {[%emt 0:04:36]} c5 {[%emt 0:00:00]} 2. Nf3 {[%emt 0:00:40]} e6 {[%emt 0:00:00]} 3. d4 {[%emt 0:00:13]} cxd4 {[%emt 0:00:00]} 4. Nxd4 {[%emt 0:00:25]} Nc6 {[%emt 0:00:05]} 5. Nc3 {[%emt 0:00:50]} Qc7 {[%emt 0:00:07]} 6. Be3 {[%emt 0:01:25]} a6 {[%emt 0:00:07]} 7. Be2 {[%emt 0:01:19]} Nf6 {[%emt 0:00:07]} 8. f4 {[%emt 0:01:53]} Bb4 {[%emt 0:00:07]} 9. Qd3 {[%emt 0:03:42]} d5 {[%emt 0:03:12]} 10. e5 {[%emt 0:11:19]} Ne4 {[%emt 0:00:13]} 11. Nxc6 {[%emt 0:00:29]} Qxc6 {[%emt 0:04:10]} 12. Bd4 {[%emt 0:00:12]} Bd7 {[%emt 0:05:23]} 13. O-O {[%emt 0:04:10]} Bxc3 {[%emt 0:02:10]} 14. bxc3 {[%emt 0:00:10]} Rc8 {[%emt 0:00:17]} 15. Rab1 {[%emt 0:04:45]} b5 {[%emt 0:00:56]} 16. Rf3 {[%emt 0:00:34]} O-O {[%emt 0:13:17]} 17. Re3 {[%emt 0:12:35]} Rc7 {[%emt 0:09:19]} 18. Bf3 {[%emt 0:02:25]} Qc4 {[%emt 0:01:59]} 19. Bxe4 {[%emt 0:03:16]} dxe4 {[%emt 0:00:07]} 20. Qxc4 {[%emt 0:00:42]} Rxc4 {[%emt 0:00:10]} 21. Rxe4 {[%emt 0:04:12]} Rfc8 {[%emt 0:02:02]} 22. Rb4 {[%emt 0:16:58]} Rxb4 {[%emt 0:01:41]} 23. cxb4 {[%emt 0:00:05]} Rxc2 {[%emt 0:01:00]} 24. Re3 {[%emt 0:00:26]} Rd2 {[%emt 0:08:41]} 25. Bc3 {[%emt 0:00:59]} Rxa2 {[%emt 0:04:25]} 26. Rd3 {[%emt 0:00:58]} Be8 {[%emt 0:00:04]} 27. Rd8 {[%emt 0:04:06]} Kf8 {[%emt 0:00:06]} 28. Bd4 {[%emt 0:00:54]} Ke7 {[%emt 0:00:25]} 29. Rc8 {[%emt 0:07:21]} f6 {[%emt 0:03:42]} 30. Rc7+ {[%emt 0:03:07]} Bd7 {[%emt 0:00:38]} 31. Bc5+ {[%emt 0:02:02]} Ke8 {[%emt 0:01:02]} 32. Ra7 {[%emt 0:00:41]} fxe5 {[%emt 0:02:39]} 33. fxe5 {[%emt 0:00:26]} h6 {[%emt 0:01:29]} 1/2-1/2

[Event "Aarhusmesterskabet 2020"]
[Site "Aarhus"]
[Date "2020.02.15"]
[Round "5.5"]
[White "Hansen, Lars Bo"]
[Black "Iversen, Flemming Pagh"]
[Result "1-0"]
[WhiteElo "2560"]
[BlackElo "1806"]
[Annotator "TA"]
[PlyCount "77"]
[EventDate "2020.02.14"]
[EventType "swiss"]
[EventCountry "DEN"]
[SourceTitle "playchess.com"]
[Source "ChessBase"]
[SourceQuality "1"]

{[%evp 9,77,33,39,31,43,52,44,31,64,54,67,60,95,23,60,11,51,36,65,60,77,44,59,56,60,32,54,5,32,30,57,6,91,-15,42,-12,19,32,30,11,35,9,250,65,339,313,323,331,406,310,376,225,389,354,382,231,1263,844,2895,2775,29983,29984,29984,29985,29985,29986,29987,29988,29988,29988]} 1. d4 g6 2. e4 Bg7 3. Nc3 d6 4. Be3 a6 5. h4 h5 6. Qd2 {B06: Modern Defence.} Nc6 7. O-O-O b5 8. Kb1 {White is slightly better.} Nf6 9. f3 Rb8 10. Nh3 {[#]} O-O $146 ({Predecessor:} 10... Bxh3 11. Rxh3 e6 12. Bg5 Qd7 13. d5 exd5 14. exd5 Ne5 15. f4 Neg4 16. Re1+ Kf8 {1-0 (40) McDonald,N (2454)-Ghasi,A (2434) England 2013}) 11. Ng5 (11. Nf2 $16) 11... Bd7 12. Be2 e5 (12... e6 $5 {[%cal Rb5b4]}) 13. d5 Nd4 {...b4 is the strong threat.} 14. Bd3 a5 15. Ne2 (15. Bxd4 $5 exd4 16. Ne2 $11) 15... Nxe2 16. Bxe2 b4 17. Bc4 Qe7 18. Rdg1 Bb5 19. Bxb5 Rxb5 20. g4 (20. Nh3 $1 $14) 20... Qd7 {[#]} (20... Rbb8 $11 {keeps the balance.}) 21. Rh2 (21. Nh3 $1 $16) 21... a4 (21... hxg4 22. fxg4 Bh6 23. Qe2 $18) ({Better is} 21... c5 $11) 22. Rhg2 ({White should play} 22. gxh5 $14 Nxh5 23. c4) 22... b3 23. cxb3 axb3 24. a3 $1 hxg4 25. fxg4 Rfb8 $2 (25... c6 $1 $11 {and Black stays safe.}) 26. Rf1 $2 (26. Rf2 $18) 26... Rf8 $2 {[%mdl 8192]} (26... c6 $1 $14) 27. Qe2 Rbb8 28. h5 Qa4 29. Qf3 Qc4 30. Rh1 (30. Rc1 $142 Qb5 31. Bd2 (31. Rxc7 Rbc8 $11)) 30... Qd3+ $2 (30... Bh6 31. Ka1 Bxg5 32. Bxg5 Qxe4) 31. Ka1 $18 Ra8 {Black wants to play ...Nxd5!} 32. h6 Rxa3+ $2 (32... Bxh6 33. Rd2 (33. Rxh6 Nxg4 34. Nxf7 {[%mdl 64] Remove Defender} Rxf7 $11) (33. Qxf6 Qxe3 34. Nxf7 {[%mdl 64] Remove Defender} Rxf7 $11) 33... Rxa3+ 34. bxa3 b2+ {[%mdl 64] Discovered Attack} 35. Ka2 b1=B+ 36. Rxb1 Qc4+ 37. Rb3 Rb8) 33. bxa3 Nxd5 34. hxg7 b2+ 35. Rxb2 {White mates.} Qxa3+ {[#]} 36. Kb1 $1 Qd3+ {[#]} 37. Kc1 $1 Qc3+ 38. Rc2 Qa3+ {[#]} 39. Kd2 $1 {Accuracy: White = 56%, Black = 40%.} 1-0

[Event "Aarhusmesterskabet 2020"]
[Site "Aarhus"]
[Date "2020.02.15"]
[Round "5.6"]
[White "Holm, Filip"]
[Black "Rossen, Claus"]
[Result "1-0"]
[WhiteElo "1956"]
[BlackElo "2108"]
[Annotator "NA"]
[PlyCount "55"]
[EventDate "2020.02.14"]
[EventType "swiss"]
[EventCountry "DEN"]
[SourceTitle "playchess.com"]
[Source "ChessBase"]
[SourceQuality "1"]
[TimeControl "40/5400+30:1800+30"]

1. e4 {[%emt 0:00:00]} d6 {[%emt 0:00:00]} 2. d4 {[%emt 0:00:15]} Nf6 {[%emt 0:00:00]} 3. Bd3 {[%emt 0:00:24]} g6 {[%emt 0:00:00]} 4. c4 {[%emt 0:00:27]} Bg7 {[%emt 0:00:10]} 5. Nc3 {[%emt 0:00:25]} O-O {[%emt 0:00:08]} 6. Nge2 {[%emt 0:00:39]} e5 {[%emt 0:01:24]} 7. d5 {[%emt 0:00:59]} a5 {[%emt 0:01:14]} 8. Be3 {[%emt 0:03:43]} Na6 {[%emt 0:00:09]} 9. f3 {[%emt 0:03:04]} Nc5 {[%emt 0:01:15]} 10. O-O {[%emt 0:00:52]} Nfd7 {[%emt 0:01:00]} 11. Bc2 {[%emt 0:00:28]} f5 {[%emt 0:00:38]} 12. exf5 {[%emt 0:03:10]} gxf5 {[%emt 0:00:11]} 13. f4 {[%emt 0:02:48]} e4 {[%emt 0:05:50]} 14. Nd4 {[%emt 0:04:40]} Nf6 {[%emt 0:00:18]} 15. h3 {[%emt 0:01:28]} Qe8 {[%emt 0:03:00]} 16. Ncb5 {[%emt 0:07:18]} Na6 {[%emt 0:06:51]} 17. Qd2 {[%emt 0:07:11]} b6 {[%emt 0:03:23]} 18. a3 {[%emt 0:02:43]} Bd7 {[%emt 0:02:16]} 19. b4 {[%emt 0:06:13]} axb4 {[%emt 0:02:17]} 20. axb4 {[%emt 0:00:17]} Nxd5 {[%emt 0:00:06]} 21. Nxd6 {[%emt 0:00:21]} Qg6 {[%emt 0:08:43]} 22. N6xf5 {[%emt 0:14:51]} Nxe3 {[%emt 0:02:55]} 23. Ne7+ {[%emt 0:01:01]} Kf7 {[%emt 0:01:27]} 24. Nxg6 {[%emt 0:00:14]} Nxf1 {[%emt 0:00:07]} 25. Rxf1 {[%emt 0:00:25]} hxg6 {[%emt 0:00:05]} 26. Bxe4 {[%emt 0:00:23]} Nxb4 {[%emt 0:10:43]} 27. Bxa8 {[%emt 0:02:45]} Rxa8 {[%emt 0:00:07]} 28. Nf3 {[%emt 0:00:22]} 1-0

[Event "Aarhusmesterskabet 2020"]
[Site "Aarhus"]
[Date "2020.02.15"]
[Round "5.7"]
[White "Fogh, Jens Olaf Svanholm"]
[Black "Andersen, Lars Rene"]
[Result "1/2-1/2"]
[WhiteElo "2112"]
[BlackElo "2103"]
[Annotator "TA"]
[PlyCount "144"]
[EventDate "2020.02.14"]
[EventType "swiss"]
[EventCountry "DEN"]
[SourceTitle "playchess.com"]
[Source "ChessBase"]
[SourceQuality "1"]

{[%evp 12,144,14,19,36,0,58,33,78,82,81,31,35,-10,-16,-14,-15,-39,0,-7,-14,-22,-7,-56,-25,-26,0,-7,6,-14,33,27,66,-19,54,37,40,46,56,51,53,52,135,135,113,12,17,0,0,0,0,0,0,0,-6,0,-10,0,0,0,27,0,47,-43,0,0,0,0,0,0,6,0,33,34,35,42,72,0,0,0,0,0,0,0,0,0,0,0,0,0,0,0,0,0,520,0,0,0,0,0,0,0,0,0,0,0,0,0,0,0,0,0,0,0,0,0,0,0,0,0,0,0,0,0,0,0,29988,-138,0,0,0,0,0,0,81]} 1. d4 Nf6 2. c4 g6 3. Nf3 Bg7 4. e3 O-O 5. Be2 c5 6. d5 d6 7. Nc3 Na6 {[#] E61: King's Indian: Early deviations for White, including Smyslov System.} 8. Qc2 $146 ({Predecessor:} 8. O-O Nc7 9. e4 Bg4 10. Bf4 Nd7 11. Re1 a6 12. a4 Rb8 13. a5 b5 14. axb6 Rxb6 15. Qc2 Bxf3 16. Bxf3 {1-0 (73) Kuzubov,Y (2651)-Kovchan,A (2585) Rivne 2016}) 8... e5 (8... e6 $11) 9. e4 h6 {White is slightly better.} 10. O-O Nh5 11. Ne1 Nf4 12. Bxf4 exf4 13. a3 Qe7 14. Bd3 Bd7 15. Rb1 g5 16. f3 Be5 17. Qe2 Kh8 18. Bc2 Rae8 19. Qd1 Rd8 20. Ne2 Rg8 21. Nd3 f6 22. b4 (22. Ba4 $14) 22... b6 (22... cxb4 $1 $11 23. axb4 Rc8) 23. Qd2 Rc8 24. b5 Nc7 25. Rf2 Rg7 26. g3 f5 (26... fxg3 $14 27. hxg3 h5) 27. Nxe5 $16 Qxe5 28. Qc3 (28. gxf4 $16 gxf4+ 29. Kh1) 28... fxe4 $1 $11 29. Qxe5 dxe5 30. Bxe4 Ne8 31. Nc3 Nd6 32. Bd3 Bf5 33. Bxf5 Nxf5 34. Ne4 Ne3 35. Rc1 Rd8 36. g4 Kh7 37. Nd2 (37. h4 $14) 37... Kg6 (37... h5 $5 {[%cal Rh5g4]} 38. h3 Kg6 $11) 38. Nf1 Rf7 39. Re2 Nxf1 40. Rxf1 {[%mdl 4096] Endgame KRR-KRR} Kf6 41. Kg2 Rh7 42. h4 gxh4 43. Rh1 h5 {[#]} 44. Rxh4 (44. g5+ $1 $16 {[%mdl 512]} Kf5 (44... Kxg5 45. Rxe5+) 45. Kh3) 44... Rdh8 {And now ...hxg4 would win.} 45. Rxh5 Rxh5 46. gxh5 Rxh5 {KR-KR} 47. Re1 Rh7 48. Rh1 Re7 49. Re1 Kf5 50. Kf2 Rh7 51. Kg2 Rg7+ 52. Kf2 a6 $2 {[%mdl 8192]} (52... Rh7 $11) 53. a4 $2 ({White has to play} 53. bxa6 $18 {Rd1 is the strong threat.} Ra7 54. Rd1 Rxa6 55. d6) 53... axb5 54. axb5 Rh7 55. Kg2 Ra7 56. Re2 Ra4 57. Rd2 {Strongly threatening d6.} e4 {Hoping for ...e3.} ({Not} 57... Rxc4 $2 58. d6 $18) 58. fxe4+ Kxe4 59. d6 Ra8 {aiming for ...Ke3.} 60. d7 Rd8 61. Kf2 f3 62. Rd1 Kf4 63. Rd3 Ke4 $1 {[%cal Re4d3]} 64. Rd5 Kf4 65. Rd3 Ke4 $1 {[%cal Re4d3]} 66. Rd6 Kf4 67. Rd3 Ke4 $1 {[%cal Re4d3]} 68. Rd6 Rxd7 $2 {[%mdl 8192]} (68... Kf4 $11) 69. Rxb6 $2 (69. Rxd7 {mates} Ke5 70. Kxf3 Kf6 71. Rd6+ Ke5 72. Rxb6 Kd4 73. Rd6+ Kc3 74. b6) 69... Kf4 (69... Rd2+ $17 70. Kf1 Rb2) 70. Rf6+ {The position is equal.} Ke4 71. Rxf3 Rd2+ 72. Kg3 Rb2 {Accuracy: White = 72%, Black = 70%.} (72... Rd7 $11) 1/2-1/2